000 01651cam a22002295i 4500
020 _a9789251074039
020 _a9251074038
040 _cNLE
082 _a555 FAO 2013 C104 Or.
245 0 0 _aGoverning land for women and men :
_ba technical guide to support the achievement of responsible gender-equitable governance of land tenure /
300 _avi, 110 pages :
_bcolor illustrations ;
_c27 cm.
490 1 _aGovernance of tenure technical guide ;
500 _aStatement of responibility from page iii.
520 _a"Gender equality is one of the ten core principles of the Voluntary Guidelines on the Responsible Governance of Tenure of Land, Fisheries and Forests in the Context of National Food Security. This guide aims to assist in its implementation through the achievement of responsible gender-equitable governance of land tenure. The guide focuses on equity and on how land tenure can be governed in ways that address the different needs and priorities of women and men. Gender-equitable governance of land tenure ensures that women and men can participate equally in their relationships to land, through both formal institutions and informal arrangements for land administration and management. The guide provides advice on mechanisms, strategies and actions that can be adopted to improve gender equity in the processes, institutions and activities of land tenure governance."--Publisher's description.
650 0 _aLand tenure
650 0 _aEquality.
650 7 _aEquality.
650 7 _aLand tenure
700 1 _aDaley, Elizabeth,
710 2 _aFood and Agriculture Organization of the United Nations,
942 _cKB
999 _c20731
_d20731